| 000 | 00590nam a2200169 a 4500 | ||
|---|---|---|---|
| 008 | 120416s1953 ||||||||||||||||| || u | ||
| 050 | _aBS 546 Cos | ||
| 100 | _aCostain, Thomas B | ||
| 245 | 1 | 4 | _aThe silver chalice |
| 246 | _aa study of the cup of the last super | ||
| 260 |
_aLondon _bHodder and Stoughton _c1953. |
||
| 300 | _a527p. | ||
| 350 | _a0.00 | ||
| 650 | 0 | _aCHEMISTRY | |
| 650 | _aCHRISTIANITY--FICTION | ||
| 995 |
_D0.00 _FCBU-MAIN LIBRARY (Kitwe) _H1 _I2.25 _M1 _UAVAILABLE _WJul 21, 2006 _ZAnnex Low-Usage Collection |
||
| 999 |
_c57467 _d57467 |
||